000 00239nam a2200085Ia 4500
245 0 _aAmazing nature
100 _a DE LA BEDOYERE, Camilla [Thaxted, Essex], [2013?]
_978350
942 _cBK
008 210817s9999 xx 000 0 und d
999 _c270567
_d270566